| 000 | 00799cam a2200253Ia 4500 | ||
|---|---|---|---|
| 008 | |||
| 020 | _a9781446200759 (pbk.) | ||
| 049 | _aMAIN | ||
| 090 |
_aG73 _bMON |
||
| 100 | 1 | _aMontello, Daniel R. | |
| 245 | 1 | 3 |
_aAn introduction to scientific research methods in geography & environmental studies / _cDaniel R. Montello & Paul C. Sutton |
| 250 | _a2nd edition | ||
| 260 |
_aLondon : _bSAGE, _c2013 |
||
| 300 |
_ax, 314 pages : _billustrations ; _c25 cm |
||
| 500 | _aIncludes index. | ||
| 504 | _aIncludes bibliographical references. | ||
| 650 | 0 |
_aGeography _xResearch _xMethodology |
|
| 700 | 1 | _aSutton, Paul C | |
| 907 |
_a.b10391599 _b03-09-18 _c03-09-18 |
||
| 003 | |||
| 005 | 20230123141116.0 | ||
| 040 | _cNUST | ||
| 942 |
_cBOOKS _kG73 _mMON |
||
| 999 |
_c167839 _d167839 |
||